ALL Call of Duty Black Ops 3 perks - Statistics

General Stats
  • This quiz has been taken 28 times
  • The average score is 8 of 18
Answer Stats
Perk 1 % Correct
Dead Silence
72%
Ghost
68%
Scavenger
68%
Cold Blooded
52%
Flakjacket
48%
Tracker
48%
Engineer
44%
Fast Hands
44%
Afterburner
40%
Blast Suppressor
40%
Ante Up
36%
Awareness
36%
Hard Wired
36%
Blind Eye
32%
Overclock
32%
Sixth Sense
32%
Gung-Ho
28%
Tactical Mast
0%
No matching quizzes found
Score Distribution
Percent of People with Each Score
Percentile by Number Answered
Your Score History
You have not taken this quiz